000 01107naa a2200265 c 4500
001 49254
999 _c49254
_d49254
003 ES-MaCES
005 20170420122712.0
008 170420s2016 sp ||||| t||||||| ||spa d
040 _aES-MaCES
_bspa
_cES-MaCES
_dES-MaCES
100 1 _937208
_aBeltrán de Heredia Ruiz, Ignasi
245 1 4 _aUna propuesta interpretativa sobre la responsabilidad en materia de Seguridad Social en las contratas y subcontratas apartados 1º y 2º del art. 42 ET)
_cIgnasi Beltrán de Heredia Ruiz
500 _aResumen
504 _aBibliografía: p. 1059-1060
650 4 _928256
_asubcontratación
650 4 _929009
_acontrata
650 4 _928310
_atrabajo subcontratado
650 4 _930146
_aresponsabilidad del empleador
650 4 _927034
_aseguridad social
650 4 _930784
_aEstatuto de los Trabajadores
653 1 0 _aSeguridad Social
773 0 _985692
_dMadrid Lefebvre El Derecho 2015-
_o088590
_tDerecho de las relaciones laborales
_w(ES-MaCES)46200
_gn. 11 (dic. 2016) {55/1131 R. 088590} ;p. 1052-1060
902 _aART Artículo de revista
942 _2CES
_cAR
_h3.0.